000 00655nam a2200277Ia 4500
005 20260324125141.0
008 008 260324s9999 xx 000 0 eng d
020 _a9781315190297
037 _aEBOOK
040 _aCRL
040 _beng
040 _cCRL
041 _2eng
041 _aeng
084 _qCRL
100 _aJoyce Martin
_91176889
245 0 _aProfiting from Multiple Intelligences in the Workplace
260 _bTaylor and Francis
260 _c2009
365 _a
365 _b180
856 _uhttp://www.taylorfrancis.com/books/9781315190297
942 _cEBOOK
999 _c1771886
_d1771886